Guía para administración de comunicaciones oficiales (Registro nro. 6298)
[ vista simple ]
| 000 -CABECERA | |
|---|---|
| Longitud fija campo de control | 00817nam a2200229Ia 4500 |
| 005 - • FECHA Y HORA DE LA ÚLTIMA TRANSACCIÓN | |
| Fecha y hora de la última transacción | 20220317001224.0 |
| 008 - • CÓDIGOS DE INFORMACIÓN DE LONGITUD FIJA | |
| Códigos de información de longitud fija | 160825s2003 ck a g 000 0 spa |
| 020 ## - • NÚMERO INTERNACIONAL NORMALIZADO PARA LIBROS | |
| Número Internacional Normalizado para Libros (ISBN) | 9589298788 |
| 082 04 - • NÚMERO DE LA CLASIFICACIÓN DECIMAL DEWEY | |
| Número de clasificación (R) | 651.75 |
| Número del ítem | A71g |
| 040 ## - FUENTE DE LA CATALOGACIÓN | |
| Centro catalogador de origen | CO-BoRNBP |
| Lengua de catalogación | spa |
| Normas de descripción | rda |
| Centro transcriptor | CO-BoRNBP |
| 110 2# - • PUNTO DE ACCESO PRINCIPAL-NOMBRE DE ENTIDAD CORPORATIVA | |
| Nombre de entidad corporativa o nombre de jurisdicción como elemento inicial | Archivo General de la Nación. Bogotá |
| 245 10 - • TITULO PROPIAMENTE DICHO | |
| Título | Guía para administración de comunicaciones oficiales |
| Mención de responsabilidad, etc. | Archivo General de la Nación de Colombia |
| 250 ## - • MENCIÓN DE EDICIÓN | |
| Mención de edición | 1a. edición |
| 264 ## - PRODUCCIÓN, PUBLICACIÓN , DISTRIBUCIÓN, FABRICACIÓN Y COPYRIGHT | |
| Lugar de producción, publicación, distribución, fabricación | Bogotá |
| Nombre del productor, editor, distribuidor, fabricante | Archivo General de la Nación |
| Fecha de de producción, publicación, distribución, fabricación o copyright | 2003 |
| 300 ## - • DESCRIPCIÓN FÍSICA | |
| Extensión | 34 páginas |
| Otras características físicas | ilustraciones |
| Dimensiones | 22 cm |
| 336 ## - TIPO DE CONTENIDO | |
| Término de tipo de contenido | texto |
| Código de tipo de contenido | txt |
| Fuente | rdacontent |
| 337 ## - TIPO DE MEDIO | |
| Nombre del tipo de medio | sin mediación |
| Código del tipo de medio | n |
| Fuente | rdamedia |
| 338 ## - TIPO DE SOPORTE | |
| Nombre del tipo de soporte | volumen |
| Código del tipo de soporte | nc |
| Fuente | rdacarrier |
| 610 2# - • PUNTO DE ACCESO ADICIONAL DE MATERIA - NOMBRE DE ENTIDAD CORPORATIVA | |
| Nombre de entidad corporativa o nombre de jurisdicción como elemento inicial | Archivo General de la Nación(Colombia) |
| 650 14 - • PUNTO DE ACCESO ADICIONAL DE MATERIA - TÉRMINO DE MATERIA | |
| Fuente del encabezamiento o término | LEMB |
| Término de materia o nombre geográfico como elemento inicial | Correspondencia comercial |
| 942 ## - ENTRADA DE ELEMENTOS AGREGADOS (KOHA) | |
| Fuente de clasificaión o esquema | Dewey Decimal Classification |
| Koha [por defecto] tipo de item | LIbro |
| Perdido | Fuente de clasificación o esquema | Estado Físico | No para préstamo | Forma de adquisición | Localización permanente | Localización actual | Localización en estanterías | Fecha adquisición | Préstamos totales | Signatura completa | Código de barras | Fecha última consulta | Número de copia | Fecha del precio de reemplazo | Tipo de item de Koha |
|---|---|---|---|---|---|---|---|---|---|---|---|---|---|---|---|
| Dewey Decimal Classification | Colección General | Biblioteca Pública Cumaral - Alvaro Garzon Torres | Biblioteca Pública Cumaral - Alvaro Garzon Torres | General | 06/14/2024 | 651.75A71g | CU00523 | 06/14/2024 | Ej.1 | 06/14/2024 | LIbro | ||||
| Dewey Decimal Classification | Colección General | Biblioteca Pública Dorado | Biblioteca Pública Dorado | General | 12/30/2022 | 651.75 A71g | DOR00617 | 12/30/2022 | Ej.1 | 12/30/2022 | LIbro | ||||
| Dewey Decimal Classification | Colección General | Biblioteca Pública José Eustasio Rivera - San Martin | Biblioteca Pública José Eustasio Rivera - San Martin | Literatura | 08/11/2023 | 651.75 A71g | SM001575 | 08/11/2023 | Ej.1 | 08/11/2023 | LIbro | ||||
| Dewey Decimal Classification | Colección General | Biblioteca Pública Puerto López - Jorge Eliecer Gaitán | Biblioteca Pública Puerto López - Jorge Eliecer Gaitán | General | 07/22/2025 | 651.75 A71g | PLZ02484 | 07/22/2025 | Ej.1 | 07/22/2025 | LIbro |